00000000nam##2200000za#4500
0019.670192
003CaOODSP
00520210615125329
007ta
008150407|2009||||xxc|||||     f|0| 0 iku|d
020 |a978-0-662-05765-9
040 |aCaOODSP|bfre
041 7|aiku
041 |aeng
041 |afre
043 |an-cn---
0861 |aR3-72/2008
1101 |aCanada.|bAffaires indiennes et du Nord.
24510|aStratégie pour le Nord du Canada : |bnotre nord, notre patrimoine, notre avenir
260 |aOttawa - Ontario : |bAffaires indiennes et du Nord |c2009.
300 |aii, 40p. : |bcartes en couleur, photographies ; |c22 cm.
5203 |aOffrent un survol de notre Stratégie pour le Nord intégrée qui fournit de plus amples renseignements sur notre vision globale, les quatre piliers de notre stratégie et nos activités notables menées dans le Nord jusqu’à maintenant.
546 |aTexte en anglais, français et inuktitut.
563 |aCouverture souple
590 |a09-34|b2009-08-21
7760#|tCanada's northern strategy : |w(CaOODSP)9.674653
791 |tCanada's northern strategy : |eeng|w(CaOODSP)9.670191
986 |aQS-Y309-000-GB-A1